| 000 | 01185nam0a22002771 4500 | ||
|---|---|---|---|
| 001 | rc\3438908 | ||
| 005 | 20250610003938.0 | ||
| 021 |
_aRU _b[71-76327] |
||
| 035 | _a(NLR Aleph) 007589211 | ||
| 090 |
_a5592798 _c5592798 |
||
| 100 | _a20130115d1971 |||y0rusy50 ca | ||
| 101 | 0 | _arus | |
| 102 | _aRU | ||
| 105 | _aa z ||||| | ||
| 200 | 1 |
_aСтанки из нормализованных элементов _e(Обзор) _fВсесоюз. науч.-исслед. и проектный ин-т экономики, организации управления производством и информации по лесной, целлюлозно-бум. и деревообрабатывающей пром-сти |
|
| 210 |
_aМосква _cБ. и. _d1971 |
||
| 215 |
_a38 с. _cчерт. _d21 |
||
| 225 | 1 | _a[Мебель] | |
| 300 | _aНа обл. авт. не указан | ||
| 606 |
_aМебельные фабрики _xОборудование _xДетали и узлы, нормализованные _2psbo |
||
| 700 | 1 |
_aГендельман _bС.С. |
|
| 801 | 0 |
_aRU _bNLR _gpsbo |
|
| 801 | 1 |
_aRU _bELAR _2rusmarc |
|
| 852 |
_aNLR _j71-6/5983 |
||
| 942 | _cBOOK | ||
| 980 | _aNB | ||